Music Quiz

Random Music or Billboard Quiz
Score 0/15 Timer 05:00
0 Plays Today
Time Artist % Correct
0:00Olivia Newton-John
97%
0:10Joan Jett & The Blackhearts
97%
0:20Survivor
96.1%
0:40Paul McCartney with Stevie Wonder
88.2%
1:10Daryl Hall & John Oates
87%
1:30John Cougar
87%
1:20The Human League
83%
0:30John Cougar
79.7%
Time Artist % Correct
1:40Chicago
79.7%
2:10Daryl Hall & John Oates
79.7%
1:00The J. Geils Band
77.9%
1:50Joe Cocker & Jennifer Warnes
74.8%
0:50Steve Miller Band
72.1%
2:00Laura Branigan
60%
2:20Quarterflash
43.3%
Remove Ads.
Support Sporcle.
Get the best of Sporcle when you Go Orange. This ad-free experience offers more features, more stats, and more fun while also helping to support Sporcle. Thank you for becoming a member.

You're not logged in!

Compare scores with friends on all Sporcle quizzes.
OR
Log In

Show Comments

Extras

Top Quizzes Today


Score Distribution

Your Account Isn't Verified!

In order to create a playlist on Sporcle, you need to verify the email address you used during registration. Go to your Sporcle Settings to finish the process.

Report this User

Report this user for behavior that violates our Community Guidelines.

Details: